| 000 | 00398 a2200145 4500 | ||
|---|---|---|---|
| 005 | 20250624111246.0 | ||
| 020 | _a978-0-7494-7682-3 | ||
| 082 | _a658.3ARM | ||
| 100 | _aARMSTRONG. M | ||
| 245 | _aArmstrong,s HandBook of Strategic Human Resource Management | ||
| 250 | _a6th Ed, | ||
| 260 |
_aBritish, _bLondon, _c2000. |
||
| 300 |
_ax; 262p; ill; table; figure, _b Index, _c23cm. |
||
| 942 |
_2ddc _cBKS |
||
| 999 |
_c4829 _d4829 |
||